[Event "Turkish Cup 2016"]
[Site "Manavgat TUR"]
[Date "2016.01.31"]
[Round "2.45"]
[White "Sahin, Huseyin"]
[Black "Okus, Melih"]
[Result "1/2-1/2"]
[WhiteElo "1811"]
[BlackElo "2013"]
[WhiteTeam "SIIRT"]
[BlackTeam "IZMIR"]
[WhiteFideId "6345255"]
[BlackFideId "6305407"]
[EventDate "2016.01.30"]

1. d4 Nf6 2. e3 g6 3. f4 Bg7 4. Nf3 d6 5. Bc4 O-O 6. O-O c6 7. a4 Bg4 8. Nbd2 e5
9. h3 Bxf3 10. Nxf3 exf4 11. exf4 d5 12. Bd3 Ne4 13. c3 Nd7 14. Bxe4 dxe4 15.
Ne5 Nxe5 16. fxe5 c5 17. Be3 cxd4 18. cxd4 Qd5 19. Rc1 Rac8 20. Qg4 Rc6 21. Rxc6
Qxc6 22. Rc1 Qxa4 23. Qxe4 Qb3 24. Rc7 Rb8 25. d5 Qd1+ 26. Kh2 Re8 27. Bd4 Qxd4
28. Qxd4 Bxe5+ 29. Qxe5 Rxe5 30. d6 Rd5 31. d7 Kg7 32. Rxb7 a5 33. Ra7 Kf6 34.
Kg3 Ke6 35. Rxa5 Rxd7 36. Ra1 Rd3+ 37. Kh2 Rb3 38. Re1+ Kf5 39. Re2 Kg5 40. Kg1
f5 41. Kf2 h5 42. Rc2 h4 43. Rd2 Kf4 44. Rc2 g5 45. Rc4+ Ke5 46. Rc5+ Ke4 47.
Rc2 Rb4 48. Ke2 g4 49. hxg4 fxg4 50. Rd2 Kf4 51. Kf2 g3+ 52. Ke1 Ra4 53. Ke2
Re4+ 54. Kf1 Kg4 55. Rd8 Kf4 56. b3 Ke3 57. Rd7 Rf4+ 58. Kg1 Rb4 59. Re7+ Kd2
60. Rd7+ Kc2 61. Rc7+ Kxb3 62. Kf1 Rf4+ 63. Kg1 Rc4 64. Rb7+ Kc2 65. Ra7 Kd3 66.
Rd7+ Rd4 67. Re7 Re4 68. Rd7+ Ke2 69. Ra7 Ke3 70. Ra3+ Kf4 71. Kf1 Rb4 72. Ra8
Rb1+ 73. Ke2 Rg1 74. Ra4+ Kg5 75. Ra5+ Kg6 76. Ra6+ Kf7 77. Ra7+ Ke6 78. Kf3 1/2-1/2

[Event "Turkish Cup 2016"]
[Site "Manavgat TUR"]
[Date "2016.01.31"]
[Round "2.47"]
[White "Demirag, Gokhan"]
[Black "Kilic, Ihsan"]
[Result "0-1"]
[WhiteElo "1797"]
[BlackElo "2061"]
[WhiteTeam "YALOVA"]
[BlackTeam "MERSIN"]
[WhiteFideId "6333451"]
[BlackFideId "6305334"]
[EventDate "2016.01.30"]

1. Nf3 d5 2. d4 c6 3. c4 e6 4. e3 Bd6 5. Nbd2 f5 6. a3 Nf6 7. b4 O-O 8. Bb2 Nbd7
9. Ng5 Qe7 10. f4 Ng4 11. Qb3 b6 12. Be2 h6 13. Ngf3 a5 14. b5 a4 15. Qd3 dxc4
16. Nxc4 cxb5 17. Nxd6 Qxd6 18. h3 Ngf6 19. Ne5 Ba6 20. Bf3 Nd5 21. Kf2 b4 22.
Qd2 b3 23. g4 Rac8 24. Rac1 Bb7 25. Rhg1 fxg4 26. Nxg4 Kh8 27. Qd3 Nxf4 28. exf4
Qxf4 29. Rxc8 Rxc8 30. Rc1 Rf8 31. d5 Bxd5 32. Rc3 Bxf3 33. Bc1 Be4+ 34. Bxf4
Bxd3 35. Ke3 b2 36. Kd4 0-1

[Event "Turkish Cup 2016"]
[Site "Manavgat TUR"]
[Date "2016.01.31"]
[Round "2.48"]
[White "Dedebas, Emre Emin"]
[Black "Bayyurt, Izge"]
[Result "1-0"]
[WhiteElo "2077"]
[BlackElo "1719"]
[WhiteTeam "MANISA"]
[BlackTeam "CANAKKALE"]
[WhiteFideId "6349005"]
[BlackFideId "6323154"]
[EventDate "2016.01.30"]

1. d4 Nf6 2. Nf3 g6 3. c4 Bg7 4. Nc3 O-O 5. e4 d6 6. h3 e5 7. dxe5 dxe5 8. Be3
Nc6 9. Be2 Qe7 10. O-O Rd8 11. Nd5 Nxd5 12. cxd5 Nd4 13. Nxd4 exd4 14. Bxd4 Qxe4
15. Bxg7 Rxd5 16. Qb3 Rc5 17. Bf3 Qf4 18. Qa3 1-0

[Event "Turkish Cup 2016"]
[Site "Manavgat TUR"]
[Date "2016.01.31"]
[Round "3.1"]
[White "Haznedaroglu, Kivanc"]
[Black "Samani, Yamac"]
[Result "1-0"]
[WhiteTitle "GM"]
[WhiteElo "2467"]
[BlackElo "2076"]
[WhiteTeam "MANISA"]
[BlackTeam "K.K.T.C."]
[WhiteFideId "6300634"]
[BlackFideId "6352634"]
[EventDate "2016.01.30"]

1. d4 Nf6 2. c4 e6 3. Nc3 Bb4 4. f3 c5 5. a3 Ba5 6. d5 O-O 7. Nh3 b5 8. e4 exd5
9. cxd5 a6 10. Be2 d6 11. Nf2 Nbd7 12. O-O Re8 13. a4 b4 14. Nb1 Bc7 15. Nd2 Ne5
16. f4 Ng6 17. g3 Nd7 18. Bf3 Rb8 19. b3 a5 20. Bb2 Ba6 21. Re1 Nb6 22. Qc2 Re7
23. Ng4 Bc8 24. Ne3 Qe8 25. Kf2 Nd7 26. Nf5 1-0

[Event "Turkish Cup 2016"]
[Site "Manavgat TUR"]
[Date "2016.01.31"]
[Round "3.2"]
[White "Karaoglan, Kivanc"]
[Black "Yilmazyerli, Mert"]
[Result "0-1"]
[BlackTitle "IM"]
[WhiteElo "1982"]
[BlackElo "2438"]
[WhiteTeam "KAHRAMANMARAS"]
[BlackTeam "KAYSERI"]
[WhiteFideId "6329152"]
[BlackFideId "6305962"]
[EventDate "2016.01.30"]

1. e4 g6 2. d4 Bg7 3. Nf3 d6 4. Nc3 a6 5. a4 b6 6. Bc4 e6 7. O-O Nd7 8. Qe2 Bb7
9. Re1 Ne7 10. Bf4 h6 11. h3 g5 12. Bh2 Ng6 13. Rad1 h5 14. d5 e5 15. Nd2 Nf4
16. Qf3 Nf6 17. h4 Ng4 18. hxg5 Qxg5 19. Bxf4 exf4 20. e5 Nxe5 21. Re4 Bh6 22.
Be2 f5 23. Qxh5+ Kd7 24. Qxg5 Bxg5 25. Rd4 Rh7 26. Bf3 Rah8 27. Kf1 Re8 28. Kg1
Ng6 29. Nc4 Ne5 30. Nd2 Ng6 31. Nc4 Bf6 32. R4d2 Ne5 33. Na3 Nxf3+ 34. gxf3 Bxc3
35. bxc3 Rg8+ 36. Kf1 Rh1+ 37. Ke2 Re8+ 38. Kd3 Rh3 39. Rg1 Re4 40. Rg7+ Kd8 41.
Rg8+ Ke7 42. Re2 Rxf3+ 43. Kd2 Rxe2+ 44. Kxe2 Rxc3 0-1

[Event "Turkish Cup 2016"]
[Site "Manavgat TUR"]
[Date "2016.01.31"]
[Round "3.3"]
[White "Firat, Burak"]
[Black "Yilmaz, Goktan"]
[Result "1-0"]
[WhiteTitle "IM"]
[WhiteElo "2452"]
[BlackElo "1990"]
[WhiteTeam "ISTANBUL"]
[BlackTeam "ANKARA"]
[WhiteFideId "6305881"]
[BlackFideId "6354904"]
[EventDate "2016.01.30"]

1. c4 e6 2. Nf3 d5 3. g3 Nf6 4. Bg2 c5 5. O-O Nc6 6. cxd5 Nxd5 7. d4 Be7 8. dxc5
Bxc5 9. a3 O-O 10. Qc2 Qe7 11. b4 Bb6 12. Bb2 Nc7 13. Nbd2 Nb5 14. Nc4 Ncd4 15.
Nxd4 Bxd4 16. Rfd1 Rd8 17. Bxd4 Nxd4 18. Qb2 Nf5 19. Qe5 f6 20. Qa5 Bd7 21. Bxb7
Rab8 22. Qa6 Be8 23. Na5 Nd4 24. e3 Bb5 25. Qxa7 Ne2+ 26. Kg2 Bd3 27. Rxd3 Rxd3
28. Qxb8+ Rd8 29. Nc6 Rxb8 30. Nxe7+ Kf7 31. Bf3 1-0

[Event "Turkish Cup 2016"]
[Site "Manavgat TUR"]
[Date "2016.01.31"]
[Round "3.4"]
[White "Demircin, Kasim"]
[Black "Ali Marandi, Cemil Can"]
[Result "0-1"]
[BlackTitle "IM"]
[WhiteElo "1950"]
[BlackElo "2450"]
[WhiteTeam "MUS"]
[BlackTeam "HATAY"]
[WhiteFideId "6306098"]
[BlackFideId "6300529"]
[EventDate "2016.01.30"]

1. Nf3 d5 2. g3 Nf6 3. Bg2 b5 4. O-O e6 5. a4 b4 6. c3 c5 7. cxb4 cxb4 8. a5 Be7
9. d3 O-O 10. Nbd2 Bb7 11. Nd4 a6 12. N2b3 Re8 13. f4 Nbd7 14. h3 g6 15. Be3 e5
16. fxe5 Nxe5 17. Bf4 Nc6 18. Nxc6 Bxc6 19. Be5 Nh5 20. g4 Bg5 21. Bh2 Ng7 22.
Kh1 Be3 23. Bg1 Bxg1 24. Rxg1 h5 25. Nd4 Bb7 26. Bf3 Qf6 27. Nb3 hxg4 28. Rxg4
Bc8 29. Rxb4 Bxh3 30. Qd2 Nf5 31. Qf4 Qxb2 32. Rg1 Rxe2 33. Bxe2 Qxe2 34. Nc1
Qe7 35. Rb8+ Rxb8 36. Qxb8+ Kg7 37. Qh2 Qe3 38. Qb2+ d4 39. Kh2 Qh6 40. Rh1 Qf4+ 0-1

[Event "Turkish Cup 2016"]
[Site "Manavgat TUR"]
[Date "2016.01.31"]
[Round "3.5"]
[White "Erdogan, Anil Berk"]
[Black "Kanmazalp, Ogulcan"]
[Result "0-1"]
[BlackTitle "IM"]
[WhiteElo "2005"]
[BlackElo "2443"]
[WhiteTeam "KARAMAN"]
[BlackTeam "KAYSERI"]
[WhiteFideId "6348173"]
[BlackFideId "6304990"]
[EventDate "2016.01.30"]

1. e4 c5 2. Nf3 d6 3. Bb5+ Nc6 4. O-O Bd7 5. Re1 Nf6 6. c3 a6 7. Bf1 Bg4 8. h3
Bh5 9. d3 e6 10. Nbd2 Be7 11. g3 d5 12. Bg2 O-O 13. g4 Bg6 14. Nh4 dxe4 15. Nxg6
hxg6 16. Nxe4 Nd5 17. Qe2 Qc7 18. Ng5 Qd7 19. Bd2 Bd8 20. Ne4 b6 21. Rad1 Bc7
22. g5 Rad8 23. Be3 Bb8 24. Ng3 Nce7 25. d4 Nxe3 26. Qxe3 Bxg3 27. Qxg3 Nf5 28.
Qd3 Qe7 29. f4 cxd4 30. cxd4 Rxd4 31. Qxa6 Qc5 32. Rxd4 Qxd4+ 33. Kh1 Qxf4 34.
Qxb6 Rb8 35. Qc6 Rxb2 36. Qf3 Qxg5 37. Qg4 Qd2 38. Rd1 Ng3+ 39. Qxg3 Qxd1+ 40.
Kh2 Rxa2 41. Qb8+ Kh7 42. Qb4 Qd2 43. Qh4+ Kg8 44. Qg3 e5 45. Kh1 Qxg2+ 0-1

[Event "Turkish Cup 2016"]
[Site "Manavgat TUR"]
[Date "2016.01.31"]
[Round "3.6"]
[White "Arat, Ufuk Sezen"]
[Black "Tasdogen, Dincer"]
[Result "1-0"]
[WhiteTitle "IM"]
[WhiteElo "2421"]
[BlackElo "1984"]
[WhiteTeam "ISTANBUL"]
[BlackTeam "ANTALYA"]
[WhiteFideId "6309089"]
[BlackFideId "6367097"]
[EventDate "2016.01.30"]

1. e4 c5 2. Nc3 Nc6 3. g3 g6 4. Bg2 Bg7 5. d3 e6 6. Be3 d6 7. Qd2 Nge7 8. Bh6
O-O 9. h4 Bxh6 10. Qxh6 f6 11. Qd2 e5 12. h5 g5 13. h6 Ng6 14. Nd5 Nce7 15.
Nxe7+ Qxe7 16. Ne2 Be6 17. f4 exf4 18. gxf4 Bg4 19. f5 Nh4 20. O-O Nxg2 21. Kxg2
Bxe2 22. Qxe2 d5 23. Rae1 Rfe8 24. Qf2 Qd6 25. e5 Rxe5 26. Rxe5 Qxe5 27. Re1 Qc7
28. Re6 Rf8 29. Qf3 Qd7 30. Qe3 Kf7 31. Qe2 Kg8 32. c3 Qa4 33. Re7 Kh8 34. c4
dxc4 35. dxc4 Qc6+ 36. Qf3 Qd6 37. Qxb7 Qd2+ 38. Kf3 Qf4+ 39. Kg2 Qd2+ 40. Kh3
g4+ 41. Kxg4 Qxh6 42. Kf3 Rg8 43. Ke2 Rg2+ 44. Qxg2 1-0

[Event "Turkish Cup 2016"]
[Site "Manavgat TUR"]
[Date "2016.01.31"]
[Round "3.7"]
[White "Alper, Metin"]
[Black "Kerigan, Demre"]
[Result "1-0"]
[BlackTitle "IM"]
[WhiteElo "1959"]
[BlackElo "2378"]
[WhiteTeam "KARAMAN"]
[BlackTeam "ISTANBUL"]
[WhiteFideId "6302238"]
[BlackFideId "6307841"]
[EventDate "2016.01.30"]

1. e4 d6 2. d4 Nf6 3. Nc3 g6 4. f4 Bg7 5. Nf3 c5 6. Bb5+ Nc6 7. d5 a6 8. Be2 Nd4
9. a4 Nxe2 10. Qxe2 O-O 11. O-O e6 12. dxe6 Bxe6 13. Kh1 Re8 14. Ng5 Bf5 15. Qc4
d5 16. Nxd5 Nxe4 17. Ne3 Nd6 18. Qd5 Qe7 19. Qxc5 Rac8 20. Nxf5 Qe2 21. Qg1 Nxf5
22. c3 Bf8 23. Rd1 Rcd8 24. Bd2 Rxd2 25. Re1 Qh5 26. g4 Rxe1 27. Rxe1 Bc5 28.
gxh5 Bxg1 29. Kxg1 Rxb2 30. hxg6 hxg6 31. Re8+ Kg7 32. Rb8 Ne3 33. Re8 Nd5 34.
Re4 Kf6 35. c4 Nc3 36. Re3 Ne2+ 37. Kf1 Nxf4 38. h4 Rb4 39. Ne4+ Kf5 40. a5 Kg4
41. Nd6 1-0

[Event "Turkish Cup 2016"]
[Site "Manavgat TUR"]
[Date "2016.01.31"]
[Round "3.9"]
[White "Sumer, Gun"]
[Black "Soysal, Serkan"]
[Result "1/2-1/2"]
[BlackTitle "FM"]
[WhiteElo "1969"]
[BlackElo "2349"]
[WhiteTeam "SIVAS"]
[BlackTeam "KAHRAMANMARAS"]
[WhiteFideId "6311784"]
[BlackFideId "6349250"]
[EventDate "2016.01.30"]

1. e4 d6 2. d4 Nf6 3. Nc3 e5 4. dxe5 dxe5 5. Qxd8+ Kxd8 6. Bc4 Be6 7. Bxe6 fxe6
8. Be3 Bd6 9. f3 a6 10. Nge2 Ke7 11. O-O Nbd7 12. Rfd1 Rhg8 13. Rd2 Rad8 14.
Rad1 b5 15. Nc1 Nb6 16. Bxb6 cxb6 17. Nd3 g5 18. g4 h5 19. h3 Rc8 20. Kg2 Rgd8
21. Ne2 h4 22. c3 Rd7 23. Nec1 a5 24. Kf1 Rcd8 25. Ke2 Ne8 26. Ne1 Nc7 27. Nc2
Na6 28. Nd3 Nb8 29. Nc1 Nc6 30. a3 a4 31. Na2 Na5 32. Nab4 Rc8 33. Ne3 Nb3 34.
Rd3 Nc5 35. R3d2 Nb3 36. Rd3 1/2-1/2

[Event "Turkish Cup 2016"]
[Site "Manavgat TUR"]
[Date "2016.01.31"]
[Round "3.10"]
[White "Yurtseven, Melih"]
[Black "Percin, Onder"]
[Result "1-0"]
[WhiteTitle "FM"]
[WhiteElo "2332"]
[BlackElo "1944"]
[WhiteTeam "KAYSERI"]
[BlackTeam "HATAY"]
[WhiteFideId "6312160"]
[BlackFideId "6345190"]
[EventDate "2016.01.30"]

1. e4 e5 2. Nf3 Nc6 3. Bb5 a6 4. Ba4 Nf6 5. O-O Be7 6. Re1 b5 7. Bb3 d6 8. c3
O-O 9. h3 Na5 10. Bc2 c5 11. d4 Qc7 12. d5 c4 13. b4 cxb3 14. axb3 Nb7 15. b4
Bd7 16. Bd3 Rfb8 17. Re2 Bc8 18. Rea2 Nd8 19. Na3 Qb7 20. Be3 Bd7 21. Nd2 Ne8
22. c4 f5 23. f3 Bh4 24. exf5 Nf6 25. Ne4 Nf7 26. Nxf6+ Bxf6 27. Be4 a5 28. c5
Qc8 29. Nc2 a4 30. Qd3 dxc5 31. Bxc5 Ra6 32. d6 Nh6 33. g4 Qd8 34. Ne3 Bg5 35.
Nd5 Bf4 36. Kg2 Nf7 37. f6 Ng5 38. Nxf4 exf4 39. Qd5+ Ne6 40. Bf5 Qxf6 41. Re1
Re8 42. Rae2 Kf7 43. Qb7 1-0

[Event "Turkish Cup 2016"]
[Site "Manavgat TUR"]
[Date "2016.01.31"]
[Round "3.11"]
[White "Apaydin, Fethi"]
[Black "Yazici, Ugur Doga"]
[Result "1-0"]
[WhiteTitle "FM"]
[WhiteElo "2234"]
[BlackElo "1965"]
[WhiteTeam "ISTANBUL"]
[BlackTeam "ANKARA"]
[WhiteFideId "6302521"]
[BlackFideId "6363342"]
[EventDate "2016.01.30"]

1. g3 Nf6 2. Bg2 c5 3. e4 Nc6 4. Nc3 e6 5. Nge2 d5 6. exd5 exd5 7. d4 Be6 8. O-O
Rc8 9. Bg5 cxd4 10. Nxd4 Bc5 11. Nxe6 fxe6 12. Bh3 Kf7 13. Bxf6 gxf6 14. Qh5+
Ke7 15. Rae1 Ne5 16. Kh1 Qe8 17. Qxe8+ Rhxe8 18. f4 d4 19. Nd5+ 1-0

[Event "Turkish Cup 2016"]
[Site "Manavgat TUR"]
[Date "2016.01.31"]
[Round "3.12"]
[White "Kesgin, Halit Kaan"]
[Black "Eminov, Orkhan"]
[Result "0-1"]
[BlackTitle "FM"]
[WhiteElo "1893"]
[BlackElo "2263"]
[WhiteTeam "IZMIR"]
[BlackTeam "ANKARA"]
[WhiteFideId "6349137"]
[BlackFideId "13402153"]
[EventDate "2016.01.30"]

1. e4 c5 2. Nf3 g6 3. d4 cxd4 4. Nxd4 Nf6 5. f3 Nc6 6. c4 Bg7 7. Nc2 O-O 8. Nc3
d6 9. Be3 Be6 10. Be2 Qa5 11. Qd2 Rfc8 12. O-O Ne5 13. b4 Qc7 14. c5 dxc5 15.
Bxc5 b6 16. Bd4 Rd8 17. Rac1 Nc6 18. Nb5 Qb7 19. Qe3 a6 20. Bxb6 axb5 21. Bxd8
Rxd8 22. Rfd1 Nd7 23. Na3 Bb2 24. Rc2 Bxa3 25. Qxa3 Qb6+ 26. Kh1 Nde5 27. Rxd8+
Qxd8 28. Qc3 Bc4 29. Rd2 Qb6 30. h3 Bxe2 31. Rxe2 Nc4 32. e5 Qa7 33. f4 Nd4 34.
Re1 Nf5 35. Rd1 Qf2 36. Qf3 Qxa2 37. e6 fxe6 38. Rd8+ Kf7 39. Qa8 Qxa8 40. Rxa8
Nfd6 41. Ra1 Nb6 42. g3 Nd5 43. Rb1 Ne4 44. Kh2 Nf2 45. Rb3 Nd1 46. Kg2 N1e3+
47. Kf3 Nc2 48. Kg4 Kf6 49. Rb2 Ncxb4 50. Rb3 Nc6 51. Rxb5 Nd4 0-1

[Event "Turkish Cup 2016"]
[Site "Manavgat TUR"]
[Date "2016.01.31"]
[Round "3.13"]
[White "Ozkan, Ervin"]
[Black "Kiremitciyan, Ari"]
[Result "1-0"]
[WhiteElo "2242"]
[BlackElo "1998"]
[WhiteTeam "BURSA"]
[BlackTeam "ISTANBUL"]
[WhiteFideId "6306004"]
[BlackFideId "6373445"]
[EventDate "2016.01.30"]

1. d4 Nf6 2. Bf4 c5 3. e3 e6 4. c3 Nc6 5. Nd2 d5 6. Bd3 Bd6 7. Bxd6 Qxd6 8. f4
cxd4 9. cxd4 b6 10. a3 Bb7 11. Ngf3 O-O 12. Ne5 Ne8 13. O-O f5 14. g4 fxg4 15.
Qxg4 Nf6 16. Qh3 Ne7 17. Ndf3 h6 18. Rf2 Ne4 19. Rg2 Nf5 20. Kh1 Rfc8 21. Nh4
Nxh4 22. Qxh4 Qf8 23. Bxe4 dxe4 24. Rag1 Rc7 25. Qxh6 Bd5 26. Rg5 1-0

[Event "Turkish Cup 2016"]
[Site "Manavgat TUR"]
[Date "2016.01.31"]
[Round "3.14"]
[White "Baglan, Esat"]
[Black "Tirak, Mert"]
[Result "1-0"]
[WhiteTitle "FM"]
[WhiteElo "2238"]
[BlackElo "1915"]
[WhiteTeam "ISTANBUL"]
[BlackTeam "ADANA"]
[WhiteFideId "6309216"]
[BlackFideId "6311830"]
[EventDate "2016.01.30"]

1. e4 c5 2. Nf3 d6 3. d4 cxd4 4. Nxd4 Nf6 5. Nc3 a6 6. Bg5 e6 7. f4 Be7 8. Qf3
h6 9. Bh4 Qc7 10. O-O-O Nbd7 11. Bd3 g5 12. fxg5 Ne5 13. Qe2 Nfg4 14. Bg3 hxg5
15. Nf3 Nxf3 16. Qxf3 Ne5 17. Bxe5 dxe5 18. Rdf1 f6 19. h4 gxh4 20. Qg4 Bd7 21.
Qg7 Rf8 22. Rxh4 Qc5 23. Rh7 b5 24. a3 Bc6 25. Rd1 Ra7 26. Bxb5 Rd7 27. Rxd7
Bxd7 28. Bxd7+ Kxd7 29. Qxf8 1-0

[Event "Turkish Cup 2016"]
[Site "Manavgat TUR"]
[Date "2016.01.31"]
[Round "3.15"]
[White "Demircioglu, Emre"]
[Black "Gulsoy, Mustafa Alpago"]
[Result "1-0"]
[WhiteElo "2207"]
[BlackElo "1957"]
[WhiteTeam "ISTANBUL"]
[BlackTeam "KARAMAN"]
[WhiteFideId "6301878"]
[BlackFideId "6337074"]
[EventDate "2016.01.30"]

1. Nf3 Nf6 2. c4 c5 3. e3 Nc6 4. Nc3 d6 5. d4 cxd4 6. exd4 Bg4 7. Be2 g6 8. O-O
Bg7 9. d5 Bxf3 10. Bxf3 Ne5 11. Be2 O-O 12. Be3 Qd7 13. h3 Rfc8 14. b3 Qd8 15.
Qd2 Ned7 16. f4 Nc5 17. Bf3 a5 18. Rac1 Nfd7 19. Rc2 Nb6 20. Nb5 Nbd7 21. Re1
Nf6 22. Bf2 Qd7 23. g4 Ne8 24. Qe2 e5 25. dxe6 Nxe6 26. Qd2 Bh6 27. g5 Bf8 28.
Bg4 N8g7 29. Nc3 Qd8 30. Nd5 Ra6 31. h4 Kh8 32. Rc3 a4 33. Rh3 axb3 34. axb3 Qa5
35. Qxa5 Rxa5 36. Bb6 Ra6 37. Rf3 Rc6 38. Bf2 Ra3 39. f5 gxf5 40. Bxf5 Rxc4 41.
Bxe6 Nxe6 42. Rxf7 Kg8 43. Rxf8+ 1-0

[Event "Turkish Cup 2016"]
[Site "Manavgat TUR"]
[Date "2016.01.31"]
[Round "3.16"]
[White "Yelligedik, Murat"]
[Black "Metin, Mehmet"]
[Result "0-1"]
[WhiteElo "1936"]
[BlackElo "2149"]
[WhiteTeam "BURDUR"]
[BlackTeam "ORDU"]
[WhiteFideId "6366457"]
[BlackFideId "6303730"]
[EventDate "2016.01.30"]

1. e4 c5 2. Nf3 g6 3. d4 cxd4 4. Nxd4 Bg7 5. Nc3 Nc6 6. Be3 Nf6 7. Bc4 O-O 8.
Bb3 a5 9. O-O d6 10. h3 Bd7 11. Re1 a4 12. Nxa4 Nxd4 13. Qxd4 Ng4 14. Qb4 Nxe3
15. Rxe3 Bxa4 16. Bxa4 Qa5 17. Qxa5 Rxa5 18. Bb3 Bxb2 19. Rd1 Kg7 20. Bd5 e6 21.
Bb3 Ba3 22. Kf1 Bc5 23. Re2 h5 24. g3 g5 25. Kg2 Raa8 26. f4 gxf4 27. gxf4 Rg8
28. Kf3 Kf6 29. e5+ Ke7 30. exd6+ Bxd6 31. Red2 Rad8 32. f5 exf5 33. Bxf7 Rg3+
34. Kf2 Rxh3 35. Bd5 h4 36. c4 Bc5+ 37. Kf1 Be3 38. Rg2 Kf6 39. Ke2 Bc5 40. Rd3
Rxd3 41. Kxd3 Ra8 42. Bxb7 Ra3+ 43. Ke2 Rxa2+ 44. Kf3 Ra3+ 45. Ke2 h3 46. Rg8
Ra2+ 47. Kd3 h2 48. Rh8 Ke5 49. Rh4 Kf6 50. Kc3 Kg5 51. Rh7 Bd6 52. Kb3 Ra7 0-1

[Event "Turkish Cup 2016"]
[Site "Manavgat TUR"]
[Date "2016.01.31"]
[Round "3.17"]
[White "Gokerkan, Cem Kaan"]
[Black "Karaahmetoglu, Ege"]
[Result "1-0"]
[WhiteElo "2220"]
[BlackElo "2017"]
[WhiteTeam "ISTANBUL"]
[BlackTeam "ANKARA"]
[WhiteFideId "6336760"]
[BlackFideId "6361145"]
[EventDate "2016.01.30"]

1. e4 e5 2. Nc3 Nf6 3. g3 d5 4. exd5 Nxd5 5. Bg2 Nxc3 6. bxc3 Bd6 7. Nf3 Nc6 8.
O-O O-O 9. Rb1 Rb8 10. d4 Bg4 11. h3 Bh5 12. g4 Bg6 13. dxe5 Nxe5 14. Nxe5 Bxe5
15. Qxd8 Rfxd8 16. f4 Bxc2 17. Rb2 Bd3 18. fxe5 Bxf1 19. Bxf1 Rd1 20. Bf4 b6 21.
Kf2 Rbd8 22. Be2 R1d5 23. Ke3 Rc5 24. Rc2 Kf8 25. h4 Ra5 26. h5 h6 27. Bc4 c5
28. Be2 Ra3 29. g5 hxg5 30. Bxg5 Re8 31. Kf4 c4 32. h6 gxh6 33. Bxh6+ Ke7 34.
Kf5 b5 35. Bg5+ Kd7 36. Bh5 Rf8 37. Rd2+ Kc7 38. Be7 Rh8 39. Bxa3 Rxh5+ 40. Kf6
Rh3 41. Kxf7 Rxc3 42. Bd6+ Kc6 43. Bb4 Rf3+ 44. Ke7 Re3 45. e6 c3 46. Rd6+ Kc7
47. Rd1 Kc6 48. Kf7 c2 49. Rc1 Rf3+ 50. Ke8 Rf2 51. Kd8 a5 52. e7 1-0

[Event "Turkish Cup 2016"]
[Site "Manavgat TUR"]
[Date "2016.01.31"]
[Round "3.18"]
[White "Marasli, Tutku Kahraman"]
[Black "Tepe, Efe Can"]
[Result "1-0"]
[WhiteElo "2145"]
[BlackElo "1887"]
[WhiteTeam "KAYSERI"]
[BlackTeam "ANKARA"]
[WhiteFideId "6307493"]
[BlackFideId "6348297"]
[EventDate "2016.01.30"]

1. d4 Nf6 2. c4 g6 3. g3 Bg7 4. Bg2 O-O 5. Nf3 d6 6. O-O Nc6 7. b3 h6 8. Bb2 Nd7
9. Na3 Re8 10. Qd2 e5 11. dxe5 Ndxe5 12. Nxe5 Nxe5 13. h3 Qe7 14. f4 Nd7 15.
Bxg7 Kxg7 16. e4 Nf6 17. Rae1 d5 18. Qb2 dxe4 19. Rxe4 Qc5+ 20. Kh2 Bf5 21. Re5
Rxe5 22. fxe5 Nd7 23. e6+ Qe5 24. Qxe5+ Nxe5 25. Bxb7 Rb8 26. exf7 Rxb7 27. g4
c6 28. f8=Q+ Kxf8 29. gxf5 Rf7 30. f6 Nd7 31. Rd1 Nxf6 32. Rd6 Ne4 33. Rxc6 Rf2+
34. Kg1 Rxa2 35. Nb5 Ng5 36. Rxg6 Rd2 37. Kf1 Kf7 38. Rxh6 Nf3 39. Nd6+ Kg7 40.
Nf5+ Kg8 41. Rg6+ Kf7 42. Rg3 Ne5 43. Ke1 Rh2 44. Nh6+ Kf6 45. Ng4+ Nxg4 46.
hxg4 Kg5 47. Kd1 Kf4 48. Rd3 Kxg4 49. Rd2 Rh3 50. Kc2 Kf4 51. Rd3 Rh5 52. Kc3
Ke4 53. Rd7 a5 54. Re7+ 1-0

[Event "Turkish Cup 2016"]
[Site "Manavgat TUR"]
[Date "2016.01.31"]
[Round "3.19"]
[White "Ererdem, Gani Eren"]
[Black "Molla, Ersen"]
[Result "1/2-1/2"]
[WhiteElo "2152"]
[BlackElo "1929"]
[WhiteTeam "KARAMAN"]
[BlackTeam "IZMIR"]
[WhiteFideId "6310915"]
[BlackFideId "6350763"]
[EventDate "2016.01.30"]

1. d4 Nf6 2. Nf3 c5 3. c4 cxd4 4. Nxd4 g6 5. g3 Bg7 6. Bg2 Nc6 7. O-O O-O 8. Nc3
Nxd4 9. Qxd4 d6 10. Bg5 Be6 11. Qf4 Qa5 12. Rac1 Rab8 13. b3 Rfc8 14. Rfd1 Rc5
15. h4 a6 16. Qd2 Rc7 17. Bxf6 Bxf6 18. Nd5 Qxd2 19. Nxf6+ Kg7 20. Rxd2 Kxf6 21.
Rcd1 b5 22. cxb5 axb5 23. Rd4 Rc2 24. R1d2 Rxd2 25. Rxd2 b4 26. Bf3 Ke5 1/2-1/2

[Event "Turkish Cup 2016"]
[Site "Manavgat TUR"]
[Date "2016.01.31"]
[Round "3.20"]
[White "Sevgi, Volkan"]
[Black "Ozen, Batuhan"]
[Result "1-0"]
[WhiteTitle "FM"]
[WhiteElo "2197"]
[BlackElo "1921"]
[WhiteTeam "MERSIN"]
[BlackTeam "DENIZLI"]
[WhiteFideId "6325335"]
[BlackFideId "6345123"]
[EventDate "2016.01.30"]

1. d4 e6 2. Nf3 Nf6 3. c4 b6 4. a3 Bb7 5. Nc3 d5 6. cxd5 Nxd5 7. Qc2 Nxc3 8.
bxc3 Bxf3 9. exf3 Nd7 10. Bb5 Bd6 11. Bc6 Rb8 12. Qa4 a5 13. Qb5 Qe7 14. Bg5 f6
15. Bh4 Rd8 16. O-O O-O 17. Rfe1 Nb8 18. Be4 Qe8 19. Qb3 Kh8 20. Bc2 Qh5 21. Bg3
e5 22. Re4 Qf7 23. Qxf7 Rxf7 24. dxe5 fxe5 25. Bxe5 Bxe5 26. Rxe5 Nd7 27. Rd1
Rdf8 28. Red5 Nf6 29. Rd8 Ne8 30. Bb3 Rf6 31. R1d7 h6 32. h4 b5 33. Re7 Nd6 34.
Rxf8+ Rxf8 35. Rxc7 Re8 36. h5 Rc8 37. Ra7 a4 38. Be6 Re8 39. Bd5 Rc8 40. g4 Ne8
41. Be6 Rd8 42. c4 bxc4 43. Bxc4 Nd6 44. Be2 1-0

[Event "Turkish Cup 2016"]
[Site "Manavgat TUR"]
[Date "2016.01.31"]
[Round "3.21"]
[White "Metin, Oguz"]
[Black "Kayar, Mehmet Erdem"]
[Result "1-0"]
[WhiteElo "2134"]
[BlackElo "1945"]
[WhiteTeam "BURDUR"]
[BlackTeam "ISTANBUL"]
[WhiteFideId "6307850"]
[BlackFideId "6301797"]
[EventDate "2016.01.30"]

1. d4 Nf6 2. c4 c5 3. d5 e6 4. Nc3 exd5 5. cxd5 d6 6. g3 g6 7. Bg2 Bg7 8. Nf3
O-O 9. O-O a6 10. a4 Nbd7 11. Nd2 Rb8 12. a5 b5 13. axb6 Nxb6 14. Qc2 Nh5 15.
Nb3 f5 16. Na5 Qe8 17. Nc6 Ra8 18. Qb3 Nd7 19. Nb5 Qxe2 20. Bf3 Qxb5 21. Qxb5
axb5 22. Rxa8 Kf7 23. Bxh5 gxh5 24. Bf4 Ne5 25. Rfa1 Nxc6 26. dxc6 Bxb2 27.
R1a7+ Kg8 28. Rc7 Be6 29. Rxf8+ Kxf8 30. Bxd6+ Kg8 31. Re7 Bd5 32. c7 Bb7 33.
Bxc5 b4 34. Bxb4 h4 35. c8=Q+ Bxc8 36. Re8+ Kf7 37. Rxc8 hxg3 38. hxg3 h5 39.
Rc5 Kg6 40. Rc6+ Kg5 41. Be7+ Kg4 42. Rc4+ 1-0